000 00479nam a2200181Ia 4500
003 GCL
008 140319s9999 xx 000 0 ara d
040 _aGCL /
_cGCL
082 0 4 _a813.03
_bا ن
100 1 _aارشد توفيق
245 1 0 _aنصف السماء : رواية /
_cارشد توفيق
300 _a385 ص
490 _a
650 0 4 _aالادب العربى
650 0 4 _aالقصص العربية
650 0 4 _aالقصة العربية
942 _2ddc
_cBK
999 _c45093
_d45093